| 000 | 01513nam a2200373 i 4500 | ||
|---|---|---|---|
| 001 | DIGUNIVALP0065 | ||
| 003 | NyNyDIG | ||
| 007 | cr ||||||||||| | ||
| 008 | 240812s2024 cl a ob 000 0 spa d | ||
| 006 | m o d | ||
| 035 | _a(OCoLC)1439707410 | ||
| 040 |
_aDGITA _beng _erda _epn _cDGITA |
||
| 020 |
_a9789561711174 _qeBook |
||
| 020 |
_z9789561711143 _qimpreso |
||
| 050 | 1 | 4 | _aV53 ebook |
| 245 | 0 | 0 |
_aTecnologías emergentes y su impacto en la guerra naval / _cSergio Gómez Weber (ed.). |
| 264 | 1 |
_aValparaíso : _bEdiciones Universitarias de Valparaíso, _c[2024] |
|
| 300 |
_a1 online resource : _billustrations. |
||
| 336 |
_atext _btxt _2rdacontent |
||
| 337 |
_acomputer _bc _2rdamedia |
||
| 338 |
_aonline resource _bcr _2rdacarrier |
||
| 347 |
_atext file _2rdaft |
||
| 347 | _bEPUB | ||
| 504 | _aIncludes bibliographical references. | ||
| 588 | 0 | _aOnline resource; title from ePub title page (Digitalia, viewed August 12, 2024) | |
| 650 | 0 |
_aNaval art and science _xTechnological innovations. |
|
| 700 | 1 |
_aGómez Weber, Sergio, _eeditor. |
|
| 791 | 2 |
_aDigitalia (Firm), _edistributor. |
|
| 793 | 0 |
_gDigitalia eBook Collection: _aEdiciones Universitarias de Valparaíso |
|
| 776 | 0 | 8 |
_iPrint version: _tTecnologías emergentes y su impacto en la guerra naval. _dValparaíso : Ediciones Universitarias de Valparaíso, [2024] _z9789561711143 |
| 856 | 4 | 0 |
_3Digitalia Hispánica _uhttps://www.digitaliapublishing.com/a/157324/ |
| 910 | _aPremium collection: 2024 | ||
| 942 | _cRAA | ||
| 999 |
_c287194 _d287194 |
||